Statistiques concernant Villes d'Europe carte quiz

Cliquez ici pour prendre le quiz!

Statistiques générales

  • Ce quiz a été pris 20,012 fois
  • Le résultat moyen est 29 sur 36

Statistiques - réponses

Answer % Correct
Paris
96%
Marseille
96%
Lisbonne
94%
Londres
94%
Madrid
94%
Barcelone
91%
Dublin
89%
Bruxelles
89%
Reykjavik
87%
Rome
87%
Amsterdam
87%
Moscou
87%
Séville
86%
Athènes
86%
Genève
85%
Berlin
84%
Manchester
84%
Milan
84%
Helsinki
81%
Saint-Pétersbourg
80%
Copenhague
79%
Naples
78%
Édimbourg
78%
Stockholm
76%
Varsovie
76%
Palerme
76%
Oslo
75%
Munich
75%
Kiev
74%
Vienne
71%
Prague
69%
Sarajevo
69%
Düsseldorf
63%
Bucarest
62%
Budapest
61%
Belgrade
48%

Distribution des résultats

Percentile par nombre de réponses

% des personnes avec chaque résultat

Votre développement - résultats

Vous n’avez pas pris ce quiz